000 00462nam a2200217Ia 4500
003 0100
008 130307s9999 xx 000 0 und d
020 _a0829415157
040 _cARRUPELIB
050 _aBT102.O437 2000
100 _aO'Malley, William J
245 _aGod
245 _bthe oldest question
260 _aChicago
260 _bLoyola Press
260 _c2000
300 _a198p.
300 _b21cm
650 _aRELIGION
942 0 0 _02
999 _c93578
_d93578